000 00542nam a2200169 i 4500
001 24479
003 ES-MaACL
005 20230906153045.0
007 t|
008 021217s1895 sp ||||1| spa d
100 1 _aAndreu Bella, Ramón.
_9157268
245 1 0 _aTaquigrafía moderna
_b: nuevo sistema taquigráfico /
_cpor Ramón Andreu, profesor del Ateneo de Madrid.
260 _aMadrid :
_b[s.n.],
_c1895 (
_fImp. y Tip. de los Huérfanos)
300 _a92 p. ;
_c18 cm.
650 0 4 _aTaquigrafía.
_917284
852 _aES-MaACL
_jT-887-F-1
999 _c24479
_d24479